Hieroglyphische Gärten: Ägypten in der romantischen Gartenkunst
Gespeichert in:
| 1. Verfasser: | |
|---|---|
| Dokumenttyp: | Kapitel/Artikel |
| Sprache: | Deutsch |
| Veröffentlicht: |
2001
|
| In: |
Erinnern und Vergessen in der europäischen Romantik
Year: 2001, Pages: 25-50 |
| Schlagworte: | |
| Online-Zugang: |
|
| Verfasserangaben: | Jan Assmann |
MARC
| LEADER | 00000caa a2200000 c 4500 | ||
|---|---|---|---|
| 001 | 337654603 | ||
| 003 | DE-627 | ||
| 005 | 20240708233935.0 | ||
| 007 | tu | ||
| 008 | 011204s2001 gw ||||| 00| ||ger c | ||
| 035 | |a (DE-627)337654603 | ||
| 035 | |a (DE-576)9337654601 | ||
| 035 | |a (DE-599)GBV337654603 | ||
| 035 | |a (OCoLC)1340136329 | ||
| 040 | |a DE-627 |b ger |c DE-627 |e rakwb | ||
| 041 | |a ger | ||
| 044 | |c XA-DE | ||
| 084 | |a 60 |2 sdnb | ||
| 100 | 1 | |a Assmann, Jan |d 1938-2024 |0 (DE-588)11805077X |0 (DE-627)079213251 |0 (DE-576)160116392 |4 aut | |
| 245 | 1 | 0 | |a Hieroglyphische Gärten |b Ägypten in der romantischen Gartenkunst |c Jan Assmann |
| 264 | 1 | |c 2001 | |
| 300 | |b Ill. | ||
| 300 | |a 26 | ||
| 336 | |a Text |b txt |2 rdacontent | ||
| 337 | |a ohne Hilfsmittel zu benutzen |b n |2 rdamedia | ||
| 338 | |a Band |b nc |2 rdacarrier | ||
| 689 | 0 | 0 | |d g |0 (DE-588)4000556-2 |0 (DE-627)104758139 |0 (DE-576)208838619 |a Ägypten |2 gnd |
| 689 | 0 | 1 | |d s |0 (DE-588)4049716-1 |0 (DE-627)104675152 |0 (DE-576)209083182 |a Rezeption |2 gnd |
| 689 | 0 | 2 | |d s |0 (DE-588)4125179-9 |0 (DE-627)104642653 |0 (DE-576)209574410 |a Gartenkunst |2 gnd |
| 689 | 0 | |5 (DE-627) | |
| 773 | 0 | 8 | |i In |t Erinnern und Vergessen in der europäischen Romantik |d Würzburg : Königshausen & Neumann, 2001 |g (2001), Seite 25-50 |h 278 Seiten |w (DE-627)1620629348 |w (DE-576)095506276 |z 3826022297 |7 nnam |a Hieroglyphische Gärten Ägypten in der romantischen Gartenkunst |
| 773 | 1 | 8 | |g year:2001 |g pages:25-50 |g extent:26 |a Hieroglyphische Gärten Ägypten in der romantischen Gartenkunst |
| 776 | 0 | 8 | |i Erscheint auch als |n Online-Ausgabe |a Assmann, Jan, 1938 - 2024 |t Schriften von Jan Assmann ; 184: Hieroglyphische Gärten |d Heidelberg : Universitätsbibliothek Heidelberg, 2016 |h 1 Online-Ressource |w (DE-627)1548855057 |w (DE-576)478855052 |
| 951 | |a AR | ||
| 990 | |a Gartenkunst | ||
| 990 | |a Rezeption | ||
| 990 | |a Ägypten | ||
| 992 | |a 20200930 | ||
| 993 | |a BookComponentPart | ||
| 998 | |g 11805077X |a Assmann, Jan |m 11805077X:Assmann, Jan |d 70000 |d 71700 |d 71720 |e 70000PA11805077X |e 71700PA11805077X |e 71720PA11805077X |k 0/70000/ |k 1/70000/71700/ |k 2/70000/71700/71720/ |p 1 |x j |y j | ||
| 999 | |a KXP-PPN337654603 |e 376421922X | ||
| BIB | |a Y | ||
| JSO | |a {"title":[{"title":"Hieroglyphische Gärten","title_sort":"Hieroglyphische Gärten","subtitle":"Ägypten in der romantischen Gartenkunst"}],"person":[{"given":"Jan","display":"Assmann, Jan","family":"Assmann","role":"aut"}],"id":{"eki":["337654603"]},"origin":[{"dateIssuedDisp":"2001","dateIssuedKey":"2001"}],"physDesc":[{"extent":"26 S.","noteIll":"Ill."}],"type":{"bibl":"chapter"},"language":["ger"],"relHost":[{"recId":"1620629348","physDesc":[{"noteIll":"Illustrationen","extent":"278 Seiten","noteFormat":"23 cm"}],"origin":[{"publisher":"Königshausen & Neumann","dateIssuedKey":"2001","publisherPlace":"Würzburg","dateIssuedDisp":"2001"}],"id":{"isbn":["3826022297"],"eki":["1620629348"]},"name":{"displayForm":["hrsg. von Günter Oesterle in Verb. mit Alexander von Bormann ..."]},"disp":"Hieroglyphische Gärten Ägypten in der romantischen GartenkunstErinnern und Vergessen in der europäischen Romantik","language":["ger"],"type":{"bibl":"edited-book"},"part":{"year":"2001","pages":"25-50","text":"(2001), Seite 25-50","extent":"26"},"person":[{"role":"oth","given":"Günter","family":"Oesterle","display":"Oesterle, Günter"},{"given":"Alexander von","family":"Bormann","display":"Bormann, Alexander von","role":"oth"}],"title":[{"title":"Erinnern und Vergessen in der europäischen Romantik","title_sort":"Erinnern und Vergessen in der europäischen Romantik"}],"relMultPart":[{"id":{"eki":["251796477"],"zdb":["1452974-9"]},"part":{"number_sort":["20"],"number":["20"]},"origin":[{"publisher":"Königshausen & Neumann","dateIssuedDisp":"[1995]-","publisherPlace":"Würzburg"}],"pubHistory":["Band 1-"],"dispAlt":"Stiftung für Romantikforschung","title":[{"title":"Stiftung für Romantikforschung","title_sort":"Stiftung für Romantikforschung"}],"corporate":[{"display":"Stiftung für Romantikforschung","role":"isb"}],"disp":"Stiftung für Romantikforschung","language":["ger"],"recId":"251796477","physDesc":[{"noteFormat":"24 cm","extent":"Bände"}],"type":{"bibl":"serial"}}]}],"recId":"337654603","name":{"displayForm":["Jan Assmann"]}} | ||
| SRT | |a ASSMANNJANHIEROGLYPH2001 | ||